Чрезвычайные ситуации и экологические проблемы

Dades bibliogràfiques
Autor principal: Николаев С. М. Станислав Михайлович
Autor corporatiu: Российская академия наук (РАН) Сибирское отделение (СО) Институт геологии и минералогии
Sumari:Книга является результатом обобщения огромного количества научных, научно-популярных, газетных и журнальных публикаций, посвященных чрезвычайным ситуациям разного характера. Дан информативный и емкий, насыщенный статистическим материалом обзор более 75 видов наиболее крупных природных и антропогенных катастроф, произошедших в разных странах мира, в том числе в России. На примерах показаны мощь и разрушительная сила подобных катастроф, случавшихся как в прошлом, так и в последние десятилетия, убедительно доказано, что в частоте и тяжести проявления многих природных процессов виновен и сам человек. Приведены варианты прогнозов стихийных бедствий и техногенных катастроф, описаны средства борьбы с ними и правила поведения населения в чрезвычайных ситуациях. Книга предназначена для широкого круга читателей, может быть использована при изучении экологической культуры и экологии в вузах и в программе курса "Основы безопасности жизнедеятельности" в старших классах средних Школ.
Idioma:rus
Publicat: Новосибирск, Гео, 2007
Matèries:
Format: MixedMaterials Llibre
KOHA link:https://koha.lib.tpu.ru/cgi-bin/koha/opac-detail.pl?biblionumber=239300

MARC

LEADER 00000nam0a2200000 4500
001 239300
005 20231101231650.0
010 |a 9785974701047 
035 |a (RuTPU)RU\TPU\book\260517 
090 |a 239300 
100 |a 20130606d2007 m y0rusy50 ca 
101 0 |a rus 
102 |a RU 
105 |a y z 001zy 
200 1 |a Чрезвычайные ситуации и экологические проблемы  |f С. М. Николаев  |g Российская академия наук (РАН), Сибирское отделение (СО), Институт геологии и минералогии 
210 |a Новосибирск  |c Гео  |d 2007 
215 |a 380 с. 
320 |a Библиогр.: с. 367-376. 
330 |a Книга является результатом обобщения огромного количества научных, научно-популярных, газетных и журнальных публикаций, посвященных чрезвычайным ситуациям разного характера. Дан информативный и емкий, насыщенный статистическим материалом обзор более 75 видов наиболее крупных природных и антропогенных катастроф, произошедших в разных странах мира, в том числе в России. На примерах показаны мощь и разрушительная сила подобных катастроф, случавшихся как в прошлом, так и в последние десятилетия, убедительно доказано, что в частоте и тяжести проявления многих природных процессов виновен и сам человек. Приведены варианты прогнозов стихийных бедствий и техногенных катастроф, описаны средства борьбы с ними и правила поведения населения в чрезвычайных ситуациях. Книга предназначена для широкого круга читателей, может быть использована при изучении экологической культуры и экологии в вузах и в программе курса "Основы безопасности жизнедеятельности" в старших классах средних Школ. 
606 1 |a Экологические угрозы  |2 stltpush  |3 (RuTPU)RU\TPU\subj\39011  |9 59252 
606 1 |a Чрезвычайные ситуации  |2 stltpush  |3 (RuTPU)RU\TPU\subj\37291  |9 58373 
610 1 |a природные аварии 
610 1 |a наводнения 
610 1 |a аномальные явления 
610 1 |a атмосферные явления 
610 1 |a геологические опасности 
610 1 |a землетрясения 
610 1 |a вулканические извержения 
610 1 |a геологические катастрофы 
610 1 |a антропогенные воздействия 
610 1 |a массовые заболевания 
610 1 |a сельскохозяйственные вредители 
610 1 |a космические опасности 
610 1 |a техногенные аварии 
610 1 |a пожары 
610 1 |a выбросы 
610 1 |a транспортные аварии 
610 1 |a коммунальные аварии 
610 1 |a жизнеобеспечение 
610 1 |a геноцид 
610 1 |a войны 
610 1 |a ксенофобия 
610 1 |a международный терроризм 
610 1 |a криминал 
675 |a 614.8  |v 3 
675 |a 502.3  |v 3 
700 1 |a Николаев  |b С. М.  |g Станислав Михайлович 
712 0 2 |a Российская академия наук (РАН)  |b Сибирское отделение (СО)  |b Институт геологии и минералогии  |2 stltpush  |3 (RuTPU)RU\TPU\col\11925 
801 1 |a RU  |b 63413507  |c 20130606 
801 2 |a RU  |b 63413507  |c 20150527  |g RCR 
942 |c BK